Regional competitiveness and disparity in foreign tourist arrivals in Kerala (Record no. 96968)

000 -LEADER
fixed length control field 00501pab a2200181 454500
008 - FIXED-LENGTH DATA ELEMENTS--GENERAL INFORMATION
fixed length control field 180718b2012 xxu||||| |||| 00| 0 eng d
100 ## - MAIN ENTRY--PERSONAL NAME
Personal name Kumar, A.D. Rajeev
245 ## - TITLE STATEMENT
Title Regional competitiveness and disparity in foreign tourist arrivals in Kerala
260 ## - PUBLICATION, DISTRIBUTION, ETC.
Date of publication, distribution, etc. 2012
300 ## - PHYSICAL DESCRIPTION
Extent p.116-129.
362 ## - DATES OF PUBLICATION AND/OR SEQUENTIAL DESIGNATION
Dates of publication and/or sequential designation Jan
650 ## - SUBJECT ADDED ENTRY--TOPICAL TERM
Topical term or geographic name entry element Tourism - India - Kerala
650 ## - SUBJECT ADDED ENTRY--TOPICAL TERM
Topical term or geographic name entry element Tourism
700 ## - ADDED ENTRY--PERSONAL NAME
Personal name Sudheer, S.V.
773 ## - HOST ITEM ENTRY
Main entry heading South Asian Journal of Socio-Political Studies
908 ## - PUT COMMAND PARAMETER (RLIN)
Put command parameter N
909 ## -
-- 96968
Holdings
Withdrawn status Lost status Damaged status Not for loan Permanent Location Current Location Date acquired Serial Enumeration / chronology Barcode Date last seen Price effective from Koha item type
        Indian Institute of Public Administration Indian Institute of Public Administration 2018-07-19 Volume no: 12, Issue no: 2 AR97428 2018-07-19 2018-07-19 Articles

Powered by Koha